Sports Quiz

Random Sports or Football Quiz
Score 0/110 Timer 10:00
0 Plays Today
% Correct
Mario Kempes
93.2%
Mario Kempes
93.2%
Mario Kempes
93.2%
Daniel Passarella
90.9%
Daniel Passarella
90.9%
Daniel Passarella
90.9%
Osvaldo Ardiles
87.5%
Osvaldo Ardiles
87.5%
Osvaldo Ardiles
87.5%
Osvaldo Ardiles
87.5%
Diego Maradona
87.5%
Ubaldo Fillol
77.3%
Daniel Bertoni
75%
Leopoldo Luque
73.9%
Leopoldo Luque
73.9%
Leopoldo Luque
73.9%
Leopoldo Luque
73.9%
Alberto Tarantini
71.6%
Alberto Tarantini
71.6%
Alberto Tarantini
71.6%
Ricardo Villa
61.4%
René Houseman
60.2%
Américo Gallego
60.2%
Américo Gallego
60.2%
René Houseman
60.2%
Américo Gallego
60.2%
René Houseman
60.2%
Américo Gallego
60.2%
René Houseman
60.2%
Américo Gallego
60.2%
Francisco Sá
58%
Jorge Olguín
54.5%
Jorge Olguín
54.5%
Jorge Olguín
54.5%
Jorge Olguín
54.5%
Rubén Díaz
48.9%
Roberto Díaz
48.9%
% Correct
Hugo Gatti
44.3%
Hugo Gatti
44.3%
Luis Galván
43.2%
Roberto Perfumo
38.6%
Roberto Perfumo
38.6%
Carlos Babington
38.6%
Óscar Ortiz
38.6%
Rubén Sánchez
36.4%
Ricardo Bochini
36.4%
Norberto Alonso
33%
José Daniel Valencia
31.8%
Miguel Ángel Brindisi
27.3%
Miguel Ángel Brindisi
27.3%
Rubén Ayala
27.3%
Miguel Ángel Brindisi
27.3%
Miguel Ángel Brindisi
27.3%
Rubén Ayala
27.3%
Miguel Ángel Brindisi
27.3%
Rubén Ayala
27.3%
Enrique Wolff
21.6%
Enrique Wolff
21.6%
Enrique Wolff
21.6%
Mario Killer
20.5%
Daniel Killer
20.5%
Daniel Killer
20.5%
Héctor Baley
20.5%
Óscar Más
18.2%
Carlos Bianchi
18.2%
Óscar Más
18.2%
Daniel Carnevali
17%
Daniel Carnevali
17%
Daniel Carnevali
17%
Juan Barbas
17%
Ramón Heredia
15.9%
Ramón Heredia
15.9%
Ramón Heredia
15.9%
Ramón Heredia
15.9%
% Correct
Roberto Telch
11.4%
Roberto Telch
11.4%
Agustín Cejas
10.2%
José Pastoriza
10.2%
José Pastoriza
10.2%
Jorge Carrascosa
10.2%
Jorge Carrascosa
10.2%
José van Tuyne
9.1%
Hugo Bargas
8%
Hugo Bargas
8%
Enrique Chazarreta
6.8%
Mario Zanabria
6.8%
Rodolfo Fischer
5.7%
Rodolfo Fischer
5.7%
Rodolfo Fischer
5.7%
José Luis Pavoni
5.7%
Ramón Bóveda
5.7%
Hugo Coscia
5.7%
Sergio Fortunato
5.7%
Osvaldo Piazza
4.5%
Andrés Rebottaro
4.5%
Carlos Guerini
3.4%
Enrique Vidallé
3.4%
Hugo Villaverde
3.4%
Óscar Malbernat
2.3%
Roberto Rogel
2.3%
Miguel Ángel Raimondo
2.3%
Marcos Conigliaro
2.3%
Miguel Ángel Raimondo
2.3%
Norberto Madurga
1.1%
Jorge Dominichi
1.1%
Ricardo Rezza
1.1%
César Laraignée
1.1%
Norberto Madurga
1.1%
Alejandro Semenewicz
1.1%
Antonio Rosi
0%
Remove Ads.
Support Sporcle.
Get the best of Sporcle when you Go Orange. This ad-free experience offers more features, more stats, and more fun while also helping to support Sporcle. Thank you for becoming a member.

You're not logged in!

Compare scores with friends on all Sporcle quizzes.
OR
Log In

Sporcle TV

Today on Sporcle TV


Watch our educational content, quiz creation guides, and fun videos on Sporcle TV.

Show Comments

Extras

Top Quizzes Today


Score Distribution

Paid Content

Your Account Isn't Verified!

In order to create a playlist on Sporcle, you need to verify the email address you used during registration. Go to your Sporcle Settings to finish the process.

Report this User

Report this user for behavior that violates our Community Guidelines.

Details: